Normal view
MARC view
- Service in Libraries
Entry Topical Term
001 - CONTROL NUMBER
- control field: 104132
003 - CONTROL NUMBER IDENTIFIER
- control field: NUST
005 - DATE AND TIME OF LATEST TRANSACTION
- control field: 20221205124338.0
008 - FIXED-LENGTH DATA ELEMENTS
- fixed length control field: 221205|| aca||aabn | a|a d
040 ## - CATALOGING SOURCE
- Original cataloging agency: NUST
- Transcribing agency: NUST
150 ## - HEADING--TOPICAL TERM
- Topical term or geographic name entry element: Service in Libraries
670 ## - SOURCE DATA FOUND
- Source citation: Work cat.: (NUST)195254: Foskett, D.J. 104131, Information Service in Libraries /, 1992
